<?xml version="1.0" encoding="UTF-8"?>
<collection xmlns="http://www.loc.gov/MARC21/slim">
 <record>
  <leader>02764nam a22002777a 4500</leader>
  <controlfield tag="001">NCT_3915</controlfield>
  <controlfield tag="008">171014b        xxu||||| |||| 00| 0 vie d</controlfield>
  <datafield tag="999" ind1=" " ind2=" ">
   <subfield code="c">197</subfield>
   <subfield code="d">197</subfield>
  </datafield>
  <datafield tag="020" ind1=" " ind2=" ">
   <subfield code="c">350000</subfield>
  </datafield>
  <datafield tag="082" ind1="1" ind2="4">
   <subfield code="2">22rd ed.</subfield>
   <subfield code="a">615.04</subfield>
   <subfield code="b">Qu106</subfield>
  </datafield>
  <datafield tag="100" ind1="1" ind2="0">
   <subfield code="a">Cao Minh Quang</subfield>
  </datafield>
  <datafield tag="245" ind1=" " ind2=" ">
   <subfield code="a">Cẩm nang thực hành tốt nhà thuốc :</subfield>
   <subfield code="b">Hướng dẫn hành nghề trong các nhà thuốc = Handbook of good pharmacy practices (G.P.P) </subfield>
   <subfield code="c">Cao Minh Quang</subfield>
  </datafield>
  <datafield tag="260" ind1=" " ind2=" ">
   <subfield code="a">H.</subfield>
   <subfield code="b">Y học</subfield>
   <subfield code="c">2010</subfield>
  </datafield>
  <datafield tag="300" ind1=" " ind2=" ">
   <subfield code="a">711 Tr.</subfield>
   <subfield code="b">Ảnh màu</subfield>
   <subfield code="c">27 cm</subfield>
  </datafield>
  <datafield tag="520" ind1="1" ind2="0">
   <subfield code="a">Cẩm nang thực hành tốt nhà thuốc (GPP) được biên soạn bởi các chuyên gia có tâm huyết, có trình độ, kinh nghiệm, hoạt động lâu năm trong ngành dược đặc biệt trong các lĩnh vực quản lý, giáo dục, pháp chế, kinh doanh, các hội nghề nghiệp có liên quan đến hoạt động của nhà thuốc, hy vọng rằng sẽ giúp cho các sở y tế, các nhà thuốc, những người quan tâm bổ sung được một tài liệu tham khảo có giá trị, cần thiết, sát nội dung trong quá trình thực hiện, hoàn chỉnh hoạt động của nhà thuốc GPP hiện nay.</subfield>
  </datafield>
  <datafield tag="942" ind1=" " ind2=" ">
   <subfield code="2">ddc</subfield>
   <subfield code="c">BK</subfield>
  </datafield>
  <datafield tag="952" ind1=" " ind2=" ">
   <subfield code="0">0</subfield>
   <subfield code="1">0</subfield>
   <subfield code="2">ddc</subfield>
   <subfield code="4">0</subfield>
   <subfield code="6">615_040000000000000_C120</subfield>
   <subfield code="7">0</subfield>
   <subfield code="9">1106</subfield>
   <subfield code="a">000001</subfield>
   <subfield code="b">000001</subfield>
   <subfield code="d">2017-10-14</subfield>
   <subfield code="o">615.04 C120</subfield>
   <subfield code="p">MD.01122</subfield>
   <subfield code="r">2017-10-14</subfield>
   <subfield code="v">350000.00</subfield>
   <subfield code="w">2017-10-14</subfield>
   <subfield code="y">BK</subfield>
  </datafield>
  <datafield tag="952" ind1=" " ind2=" ">
   <subfield code="0">0</subfield>
   <subfield code="1">0</subfield>
   <subfield code="2">ddc</subfield>
   <subfield code="4">0</subfield>
   <subfield code="6">615_040000000000000_C120</subfield>
   <subfield code="7">0</subfield>
   <subfield code="9">1107</subfield>
   <subfield code="a">000001</subfield>
   <subfield code="b">000001</subfield>
   <subfield code="d">2017-10-14</subfield>
   <subfield code="o">615.04 C120</subfield>
   <subfield code="p">MD.01123</subfield>
   <subfield code="r">2017-10-14</subfield>
   <subfield code="v">350000.00</subfield>
   <subfield code="w">2017-10-14</subfield>
   <subfield code="y">BK</subfield>
  </datafield>
  <datafield tag="952" ind1=" " ind2=" ">
   <subfield code="0">0</subfield>
   <subfield code="1">0</subfield>
   <subfield code="2">ddc</subfield>
   <subfield code="4">0</subfield>
   <subfield code="6">615_040000000000000_C120</subfield>
   <subfield code="7">0</subfield>
   <subfield code="9">1108</subfield>
   <subfield code="a">000001</subfield>
   <subfield code="b">000001</subfield>
   <subfield code="d">2017-10-14</subfield>
   <subfield code="o">615.04 C120</subfield>
   <subfield code="p">MD.01124</subfield>
   <subfield code="r">2017-10-14</subfield>
   <subfield code="v">350000.00</subfield>
   <subfield code="w">2017-10-14</subfield>
   <subfield code="y">BK</subfield>
  </datafield>
  <datafield tag="952" ind1=" " ind2=" ">
   <subfield code="0">0</subfield>
   <subfield code="1">0</subfield>
   <subfield code="2">ddc</subfield>
   <subfield code="4">0</subfield>
   <subfield code="6">615_040000000000000_C120</subfield>
   <subfield code="7">0</subfield>
   <subfield code="9">1109</subfield>
   <subfield code="a">000001</subfield>
   <subfield code="b">000001</subfield>
   <subfield code="d">2017-10-14</subfield>
   <subfield code="o">615.04 C120</subfield>
   <subfield code="p">MD.01125</subfield>
   <subfield code="r">2017-10-14</subfield>
   <subfield code="v">350000.00</subfield>
   <subfield code="w">2017-10-14</subfield>
   <subfield code="y">BK</subfield>
  </datafield>
  <datafield tag="952" ind1=" " ind2=" ">
   <subfield code="0">0</subfield>
   <subfield code="1">0</subfield>
   <subfield code="2">ddc</subfield>
   <subfield code="4">0</subfield>
   <subfield code="6">615_040000000000000_C120</subfield>
   <subfield code="7">0</subfield>
   <subfield code="9">1110</subfield>
   <subfield code="a">000001</subfield>
   <subfield code="b">000001</subfield>
   <subfield code="d">2017-10-14</subfield>
   <subfield code="o">615.04 C120</subfield>
   <subfield code="p">MD.01126</subfield>
   <subfield code="r">2017-10-14</subfield>
   <subfield code="v">350000.00</subfield>
   <subfield code="w">2017-10-14</subfield>
   <subfield code="y">BK</subfield>
  </datafield>
  <datafield tag="952" ind1=" " ind2=" ">
   <subfield code="0">0</subfield>
   <subfield code="1">0</subfield>
   <subfield code="2">ddc</subfield>
   <subfield code="4">0</subfield>
   <subfield code="6">615_040000000000000_C120</subfield>
   <subfield code="7">0</subfield>
   <subfield code="9">1111</subfield>
   <subfield code="a">000001</subfield>
   <subfield code="b">000001</subfield>
   <subfield code="d">2017-10-14</subfield>
   <subfield code="o">615.04 C120</subfield>
   <subfield code="p">MD.01127</subfield>
   <subfield code="r">2017-10-14</subfield>
   <subfield code="v">350000.00</subfield>
   <subfield code="w">2017-10-14</subfield>
   <subfield code="y">BK</subfield>
  </datafield>
  <datafield tag="952" ind1=" " ind2=" ">
   <subfield code="0">0</subfield>
   <subfield code="1">0</subfield>
   <subfield code="2">ddc</subfield>
   <subfield code="4">0</subfield>
   <subfield code="6">615_040000000000000_C120</subfield>
   <subfield code="7">0</subfield>
   <subfield code="9">1112</subfield>
   <subfield code="a">000001</subfield>
   <subfield code="b">000001</subfield>
   <subfield code="d">2017-10-14</subfield>
   <subfield code="o">615.04 C120</subfield>
   <subfield code="p">MD.01128</subfield>
   <subfield code="r">2017-10-14</subfield>
   <subfield code="v">350000.00</subfield>
   <subfield code="w">2017-10-14</subfield>
   <subfield code="y">BK</subfield>
  </datafield>
  <datafield tag="952" ind1=" " ind2=" ">
   <subfield code="0">0</subfield>
   <subfield code="1">0</subfield>
   <subfield code="2">ddc</subfield>
   <subfield code="4">0</subfield>
   <subfield code="6">615_040000000000000_C120</subfield>
   <subfield code="7">0</subfield>
   <subfield code="9">1113</subfield>
   <subfield code="a">000001</subfield>
   <subfield code="b">000001</subfield>
   <subfield code="d">2017-10-14</subfield>
   <subfield code="o">615.04 C120</subfield>
   <subfield code="p">MD.01129</subfield>
   <subfield code="r">2017-10-14</subfield>
   <subfield code="v">350000.00</subfield>
   <subfield code="w">2017-10-14</subfield>
   <subfield code="y">BK</subfield>
  </datafield>
  <datafield tag="952" ind1=" " ind2=" ">
   <subfield code="0">0</subfield>
   <subfield code="1">0</subfield>
   <subfield code="2">ddc</subfield>
   <subfield code="4">0</subfield>
   <subfield code="6">615_040000000000000_C120</subfield>
   <subfield code="7">0</subfield>
   <subfield code="9">1114</subfield>
   <subfield code="a">000001</subfield>
   <subfield code="b">000001</subfield>
   <subfield code="d">2017-10-14</subfield>
   <subfield code="o">615.04 C120</subfield>
   <subfield code="p">MD.01130</subfield>
   <subfield code="r">2017-10-14</subfield>
   <subfield code="v">350000.00</subfield>
   <subfield code="w">2017-10-14</subfield>
   <subfield code="y">BK</subfield>
  </datafield>
  <datafield tag="980" ind1=" " ind2=" ">
   <subfield code="a">Thư viện Trường Đại học Nam Cần Thơ</subfield>
  </datafield>
 </record>
</collection>
